| 000 | 00809nam a2200217 a 4500 | ||
|---|---|---|---|
| 001 | 84987 | ||
| 003 | BD-RjUL | ||
| 005 | 20250528151219.0 | ||
| 008 | 250528s ii ||||| |||| 00| 0 ben d | ||
| 035 | _a(BD-RjUL)84987 | ||
| 040 |
_aBD-RjUL _beng _cBD-RjUL |
||
| 041 | _aben | ||
| 082 |
_223 _a294.5922 _bNUB |
||
| 100 |
_aনিয়োগী, শিশিরকুমার _915672 |
||
| 245 |
_aবাল্মীকি-রামায়ণ / _cশিশিরকুমার নিয়োগী |
||
| 260 |
_a[কলিকাতা] : _bএ. মুখার্জী অ্যাণ্ড কোং, |
||
| 300 |
_a১০০০ পৃ.; _c১৯ সেমি. |
||
| 600 |
_cরামায়ণ (বাল্মীকি ) _915673 |
||
| 650 |
_aRāmāyaṇa (Vālmīki) _915674 |
||
| 942 |
_2ddc _cBK |
||
| 999 |
_c84987 _d84987 |
||